| 000 | 00344nam a22001337a 4500 | ||
|---|---|---|---|
| 008 | 180104b xxu||||| |||| 00| 0 eng d | ||
| 020 | _a0126472505 | ||
| 041 | _aeng | ||
| 080 | _a91 | ||
| 100 | _a42 | ||
| 101 | _aGJE | ||
| 245 |
_aGROWTH AND STRUCTURE OF HUMAN POPULATION THE PRESENCE OF MIGRATION _cMURTHY.M.S |
||
| 942 |
_2udc _cBK |
||
| 999 |
_c39674 _d39674 |
||